Cross-cultural approaches: readings in comparative research

Gespeichert in:
Bibliographische Detailangaben
1. Verfasser: Ford, Clellan S (VerfasserIn)
Format: Buch
Sprache:Englisch
Veröffentlicht: New Haven Hraf 1967
Schlagworte:
Tags: Tag hinzufügen
Keine Tags, Fügen Sie den ersten Tag hinzu!

MARC

LEADER 00000nam a2200000 a 4500
001 UCR8571
003 CL-VaPUC
008 980529e19670000US |||||||||||||||||eng|d
082 0 4 |a 301  |b FOR  |2 21 
100 0 |a Ford, Clellan S  |e author  |9 410502 
245 1 0 |a Cross-cultural approaches: readings in comparative research 
300 |a 365 p 
942 |c BK 
945 |d 19980529 00:00:00  |a cmena 
260 |a New Haven  |b Hraf  |c 1967 
650 0 |a Antropología   |9 233030 
650 0 |a Antropología cultural y social   |9 265143 
650 0 |a Costumbres y tradiciones   |9 268292 
650 0 |a Tribus  |9 353059 
650 7 |a MINORIAS TENCAS  |2 CL-VaPUC  |9 410503 
650 0 |a Mitología   |9 255719 
650 7 |a INVESTIGACION ANTROPOLOGICA  |2 CL-VaPUC  |9 405675 
650 7 |a ESTRUCTURA SOCIAL  |2 CL-VaPUC  |9 410504 
650 0 |a Cambio cultural  |9 338163 
583 |a last modification  |c 19980529 00:00:00  |k Rodrigo Vera 
999 |c 269971  |d 269969 
952 |0 0  |1 0  |4 0  |6 301_000000000000000_FOR_1967  |7 0  |8 P  |9 304064  |a BIBENE  |b BIBENE  |d 2019-11-20  |i 1410288  |o 301 FOR 1967  |p 1410288  |r 2025-01-15  |w 2019-11-20  |y BK  |k ICO